Normal view
MARC view
Entry Topical Term
001 - CONTROL NUMBER
- control field: 31700
003 - CONTROL NUMBER IDENTIFIER
- control field: ARRUPE
005 - DATE AND TIME OF LATEST TRANSACTION
- control field: 20170530122820.0
008 - FIXED-LENGTH DATA ELEMENTS
- fixed length control field: 170530|| aca||aabn | a|a d
040 ## - CATALOGING SOURCE
- Original cataloging agency: ARRUPE
- Transcribing agency: ARRUPE
150 ## - HEADING--TOPICAL TERM
- Topical term or geographic name as entry element: Women, Zaramo.
670 ## - SOURCE DATA FOUND
- Source citation: Work cat.: (ARRUPE)96799: Swantz, Marja-Liisa. 31696, Ritual and symbol in transitional Zaramo society, with special reference to women /, 1986.